Obranné reakcie cukrovej repy po infekcii cerkospórou repnou (Cercospora beticola Sacc.)

Bibliographic Details
Main Authors: Brillová, Dorota (Author), Sladká, Oľga (Author), Šrobárová, Antónia, 1944- (Author)
Format: Book
Language:Slovak
PhysicalDescription:65, [2] s. ilustr. 8°
Published: Bratislava 0Slovenská akadémia vied 1973
Series:Biologické práce
Subjects:

MARC

LEADER 00000nam a2200000 a 4500
001 vtls008323257
003 SK-MaSNL
005 20260302074319.0
008 190102s1973 xo 000 slo
015 |a SNBA1974/01-00157 
035 |a SK01SNK19740015474 
035 |a SKM000017937 
040 |a SNK  |b slo  |c SNK  |e AACR2 
041 1 |a slo  |b rus  |b eng 
044 |a xo  |c SK 
080 |a 633.63:632.4  |2 1981 
080 |a 632.4  |2 1981 
100 1 |a Brillová, Dorota  |4 aut  |9 276688 
245 1 0 |a Obranné reakcie cukrovej repy po infekcii cerkospórou repnou (Cercospora beticola Sacc.)  |c Dorota Brillová, Oľga Sladká, Antónia Michalíková 
260 |a Bratislava  |b 0Slovenská akadémia vied  |c 1973 
300 |a 65, [2] s.  |b ilustr.  |c 8° 
366 |e 450 výtl. 
490 1 |a Biologické práce  |v zv. 19, zoš. 8 
546 |a Ruské a anglické resumé 
650 0 7 |a cerkospóra repová  |2 SNKPH  |9 17582 
650 0 7 |a cukrová repa  |2 SNKPH  |9 81965 
655 7 |a príručky  |2 SNKPH  |9 74364 
700 1 |a Sladká, Oľga  |4 aut  |9 739805 
700 1 |a Šrobárová, Antónia,  |d 1944-  |4 aut  |9 105734 
830 0 |a Biologické práce  |9 276853 
852 |a Slovenská národná knižnica 
958 |a TL 
958 |a RK 
958 |a NB 
999 |c 1164553  |d 1166483 
952 |a SNK  |b SNK  |y PREZ  |7 0  |o snkSC 32581  |0 0  |1 0  |4 0  |d 2024-03-25  |l 0  |r 2026-02-24 20:44:58  |w 2026-02-24 
952 |a SNK  |b SNK  |y VYP  |7 0  |o snkSC 32581 D1  |0 0  |1 0  |4 0  |d 2024-03-25  |l 0  |r 2026-02-24 20:44:58  |w 2026-02-24